ロード中...
AMERICAN LITERATURE
| フォーマット: | Periodical |
|---|---|
| 出版事項: |
USA;
Duke University Press
|
| 主題: |
| LEADER | 00310nam a2200109 4500 | ||
|---|---|---|---|
| 245 | |a AMERICAN LITERATURE | ||
| 260 | |a USA; |b Duke University Press | ||
| 500 | |a Print Only | ||
| 650 | |a Literature |9 38911 | ||
| 942 | |c PR | ||
| 999 | |c 87981 |d 87981 | ||
| 952 | |0 0 |1 0 |4 0 |7 0 |9 80555 |a MGUL |b MGUL |c PERD |d 2016-08-10 |l 0 |r 2016-08-10 |w 2016-08-10 |y PR | ||